000
00320nam a2200109Ia 4500
008
200302s9999 xx 000 0 und d
100
_a
Charles Saumarez Smith
245
_a
The rise of design design and the Domestic interior in enghteenth-Century England
260
_b
Pimlico Published
260
_c
2000
300
_a
259 P
999
_c
4147
_d
4147